000 00876nab a2200253u 4500
001 07322
003 HDC
007 c| |||a|c|aaaa
008 210127b20160520my ||||| |||| 00| 0 may d
040 _aHDC
100 _aNur Hayati Abllah
_97840
245 0 _aFGV sasar perolehan tambahan rm600 juta :
_bBiji benih sawit baharu tigkat kadar perahan minyak /
_cNur Hayati Abllah
336 _atext
_2rdacontent
337 _acomputer
_2rdamedia
338 _aonline resource
_2rdacarrier
650 _aFelda Global Ventures Holdings Bhd (FGV)
_97834
650 _aPalm oil
_9212
650 _aYangambiGT1
_97842
710 _aBerita Harian
856 _zRequest full-text at [email protected]
942 _2lcc
942 _cNEWS
942 _kNWSC 001373
999 _c4646
_d4646